| 000 | 004990000a22001810004500 | ||
|---|---|---|---|
| 090 |
_aAR _b04032 |
||
| 245 | 1 | 0 | _aNew taxa of Festuca (Poaceae) from Ecuador |
| 650 | 1 | 4 |
_aBotánica _9361 |
| 650 | 1 | 4 |
_aTaxonomía vegetal _992262 |
| 650 | 1 | 4 |
_aNuevas especies _992905 |
| 650 | 1 | 4 |
_aPáramos _992513 |
| 651 | 4 |
_pEcuador _992749 |
|
| 653 |
_gFestuca _eFestuca carchiense |
||
| 041 | 0 | _aInglés | |
| 100 | 1 |
_aStancik, Daniel _94405 |
|
| 942 | _cARTICULO | ||
| 773 | 1 |
_tFolia Geobotánica _q97-110 _d2004 _g39 |
|
| 999 |
_c13065 _d13065 |
||